000 00667nam a2200241Ia 4500
003 OSt
005 20220918192606.0
006 a|||||r|||| 00| 0
007 ta
008 220917b |||||||| |||| 00| 0 eng d
024 _a69,226
037 _cTextual
040 _aARTS
_cARTS
_beng
041 _2eng
_aeng
082 _aQ4v498:G5, aH9 (Q4)
100 _aWylie Turrell V
_979547
245 0 _aPlace name index to George N Roerich's translation of the Blue Annals
260 _c1949
490 _aSerie orientale Roma; 15
650 _aRELIGION
942 _hQ4v498:G5, aH9 (Q4)
_cTEXL
_2CC
999 _c195389
_d195389